Science - Physics | 2 | 5 | 0 | 0 | 80 | 43 | 85.86 | 1 | 2 |
Science - Chemistry | 1 | 5 | 0 | 0 | 65 | 60 | 93.67 | 0 | 0 |
Science - Biology | 1 | 5 | 0 | 0 | 65 | 14 | 85.00 | 1 | 2 |
Science - Engineering and Miscellaneous | 0 | 4 | 0 | 0 | 40 | 62 | 90.75 | 0 | 0 |
RMP - World Mythology | 2 | 1 | 0 | 0 | 40 | 57 | 65.33 | 0 | 1 |
Science - Math | 1 | 1 | 0 | 0 | 25 | 48 | 74.00 | 0 | 0 |
Other - Other Academic and General Knowledge | 0 | 2 | 0 | 0 | 20 | 124 | 125.00 | 0 | 0 |
Science - Earth | 0 | 2 | 0 | 0 | 20 | 60 | 73.00 | 1 | 1 |
Science - Computer Science | 0 | 2 | 0 | 0 | 20 | 49 | 66.00 | 0 | 0 |
Social Science - Linguistics | 1 | 0 | 0 | 0 | 15 | 22 | 22.00 | 0 | 1 |
Science - Astronomy | 1 | 0 | 0 | 0 | 15 | 65 | 65.00 | 0 | 0 |
RMP - Jewish Practice | 0 | 1 | 0 | 0 | 10 | 64 | 64.00 | 0 | 1 |
RMP - Buddhism | 0 | 1 | 0 | 0 | 10 | 120 | 120.00 | 0 | 0 |
History - Cross, Historiography, and Miscellaneous | 0 | 1 | 0 | 0 | 10 | 69 | 69.00 | 0 | 0 |
Fine Arts - Miscellaneous | 0 | 1 | 0 | 0 | 10 | 92 | 92.00 | 0 | 0 |
RMP - Greco-Roman Mythology | 0 | 0 | 0 | 0 | 0 | | 0.00 | 0 | 0 |
Literature - British | 0 | 0 | 0 | 0 | 0 | | 0.00 | 0 | 0 |